Moons of Jupiter - Statistics

General Stats
  • This quiz has been taken 1,299 times
  • The average score is 29 of 57
Answer Stats
Label Name Mass (x 10^15 kg) Diameter (km) % Correct
I Io 8931900 3643.2
95%
II Europa 4800000 3121.6
93%
III Ganymede 14819000 5262.4
91%
IV Callisto 10759000 4820.6
84%
V Amalthea 208 167
64%
XVI Metis ≈3.6 43
62%
XIV Thebe ≈43 98.6
62%
VI Himalia 420 139.6
61%
VII Elara ≈87 79.9
58%
XIII Leda ≈0.6 21.5
56%
XV Adrastea ≈0.2 16.4
55%
XI Carme ≈13 46.7
55%
IX Sinope ≈7.5 35
55%
XVIII Themisto ≈0.069 9
55%
XII Ananke ≈3.0 29.1
54%
LIII Dia ≈0.009 4
54%
VIII Pasiphae ≈30 57.8
54%
XXIV Iocaste ≈0.019 5
52%
XIX Megaclite ≈0.021 5
52%
XVII Callirrhoe ≈0.087 9.6
51%
XLIX Kore ≈0.0015 2
51%
X Lysithea ≈6.3 42.2
51%
XXVII Praxidike ≈0.043 7
50%
XLIV Kallichore ≈0.0015 2
49%
XXIII Kalyke ≈0.04 6.9
49%
XLVI Carpo ≈0.0045 3
48%
LXXI Ersa ≈0.0045 3
48%
XXII Harpalyke ≈0.009 4
48%
XXVI Isonoe ≈0.009 4
48%
XXVIII Autonoe ≈0.009 4
47%
XXXIV Euporie ≈0.0015 2
47%
XXXII Eurydome ≈0.0045 3
46%
XXXIX Hegemone ≈0.0045 3
46%
L Herse ≈0.0015 2
46%
XL Mneme ≈0.0015 2
46%
XXV Erinome ≈0.0045 3
45%
XXX Hermippe ≈0.009 4
45%
XXXVIII Pasithee ≈0.0015 2
45%
LXII Valetudo ≈0.00015 1
45%
XXXI Aitne ≈0.0045 3
44%
XLI Aoede ≈0.009 4
44%
XXI Chaldene ≈0.009 4
44%
XXXIII Euanthe ≈0.0045 3
44%
XLVII Eukelade ≈0.009 4
44%
XXXVI Sponde ≈0.0015 2
44%
XLV Helike ≈0.009 4
43%
XXXVII Kale ≈0.0015 2
42%
XXXV Orthosie ≈0.0015 2
42%
XXIX Thyone ≈0.009 4
42%
XX Taygete ≈0.016 5
41%
XLII Thelxinoe ≈0.0015 2
41%
LVII Eirene ≈0.009 4
40%
XLVIII Cyllene ≈0.0015 2
39%
LXV Pandia ≈0.0045 3
38%
XLIII Arche ≈0.0045 3
37%
LX Eupheme ≈0.0015 2
37%
LVIII Philophrosyne ≈0.0015 2
37%
No matching quizzes found
Score Distribution
Percent of People with Each Score
Percentile by Number Answered
Your Score History
You have not taken this quiz